Análisis lógico de la oración castellana, simple y compuesta
Αποθηκεύτηκε σε:
| Κύριος συγγραφέας: | |
|---|---|
| Μορφή: | Βιβλίο |
| Γλώσσα: | Ισπανικά |
| Έκδοση: |
Santiago
Cultura
1944
|
| Θέματα: | |
| Ετικέτες: |
Προσθήκη ετικέτας
Δεν υπάρχουν, Καταχωρήστε ετικέτα πρώτοι!
|
MARC
| LEADER | 00000nam a2200000 a 4500 | ||
|---|---|---|---|
| 001 | UCR9661 | ||
| 003 | CL-VaPUC | ||
| 008 | 980613e19440000CL |||||||||||||||||spa|d | ||
| 082 | 0 | 4 | |a 465 |b MEZ |2 21 |
| 100 | |a Meza, Julio |e autor |9 412420 | ||
| 245 | 1 | 0 | |a Análisis lógico de la oración castellana, simple y compuesta |
| 300 | |a 198 p | ||
| 942 | |c BK | ||
| 945 | |d 19980613 00:00:00 |a crobeson | ||
| 260 | |a Santiago |b Cultura |c 1944 | ||
| 650 | 0 | |a Español gramática |9 264564 | |
| 650 | 0 | |a Lengua española |9 314728 | |
| 583 | |a last modification |c 19980613 00:00:00 |k Rodrigo Vera | ||
| 999 | |c 270844 |d 270842 | ||
| 952 | |0 0 |1 0 |4 0 |6 465_000000000000000_MEZ_1944 |7 0 |8 A |9 305261 |a BIBEDU |b BIBEDU |d 2019-11-20 |i 1417460 |o 465 MEZ 1944 |p 1417460 |r 2019-11-20 |w 2019-11-20 |y BK |k LIT | ||